00445 a2200157 4500010001400000020002300014035001300037037001800050082001100068100002300079245006000102260003400162270004200196300003000238500001900268 aENG-85652 a8170463084c450.00 aEN-69185 bD.B.Act / ven14a709.541 aSubramanyan, K. G.1 aMoving focus essays on Indian artcby K. G. Subramanyan aKolkattabSeagull Booksc2005 a26, Circus Avenue,bKolkattae700 017 axii, 150 p.c24 cm ( Hb.) aIncludes index